| 000 | 01483nam a2200373Ia 4500 | ||
|---|---|---|---|
| 001 | ebr10598366 | ||
| 003 | CaPaEBR | ||
| 006 | m u | ||
| 007 | cr cn||||||||| | ||
| 008 | 900813s1990 gw a sb 001 0 eng d | ||
| 010 | _z 90013442 | ||
| 020 | _z0899255833 (acid-free paper) | ||
| 020 | _z3110120860 (acid-free paper) | ||
| 020 | _z9783110120868 | ||
| 020 | _z9783110867541 | ||
| 040 |
_aCaPaEBR _cCaPaEBR |
||
| 035 | _a(OCoLC)815507311 | ||
| 050 | 1 | 4 |
_aGN357 _b.H33 1990eb |
| 082 | 0 | 4 |
_a306/.4 _220 |
| 100 | 1 | _aHaarmann, Harald. | |
| 245 | 1 | 0 |
_aLanguage in its cultural embedding _h[electronic resource] : _bexplorations in the relativity of signs and sign systems / _cby Harald Haarmann. |
| 260 |
_aBerlin ; _aNew York : _bMouton de Gruyter, _c1990. |
||
| 300 |
_axiii, 276 p. : _bill. |
||
| 440 | 0 |
_aStudies in anthropological linguistics ; _v4 |
|
| 504 | _aIncludes bibliographical references (p. [265]-270) and indexes. | ||
| 533 |
_aElectronic reproduction. _bPalo Alto, Calif. : _cebrary, _d2011. _nAvailable via World Wide Web. _nAccess may be limited to ebrary affiliated libraries. |
||
| 650 | 0 |
_aCulture _xSemiotic models. |
|
| 650 | 0 | _aLanguage and culture. | |
| 650 | 0 | _aSigns and symbols. | |
| 650 | 0 | _aAnthropological linguistics. | |
| 655 | 7 |
_aElectronic books. _2local |
|
| 710 | 2 | _aebrary, Inc. | |
| 856 | 4 | 0 |
_uhttp://site.ebrary.com/lib/rucke/Doc?id=10598366 _zAn electronic book accessible through the World Wide Web; click to view |
| 999 |
_c109464 _d109464 |
||